000 00840nam a22002537a 4500
999 _c14312
_d14312
003 AR-CdUCM
008 190422b ||||| |||| 00| 0 spa d
020 _a968-6397-78-7
040 _aMUNICIPALIDAD PROVINCIAL DEL CUSCO
_cBIBLIOTECA MUNICIPAL DEL CUSCO
082 _a574 /
_bM66
100 _aMittermeier, Russell A.
_933041
245 _aHotspots biodiverisad amenaza II /
260 _aMéxico D.F. :
_bCEMEX,
_c2004.
300 _a390 paginas ;
_bIlustraciones
_c35 cm.
505 _aContenido : nuevas ecorregiones terrestres prioritarias del mundo.
650 _aFlora y fauna
_97216
650 _aBiodiversidad
_919327
650 _aÁreas naturales
_97214
700 _aRobles, Patricio
_933042
700 _aHoffman, Michael
_933043
700 _aBrooks, Thomas
_933044
942 _2ddc
_cLIBROS
945 _awnts
_d2019-04-22